| 000 | 01535nam a2200277Ia 4500 | ||
|---|---|---|---|
| 999 |
_c55221 _d55221 |
||
| 001 | 22296 | ||
| 003 | GE_BSU | ||
| 005 | 20230223153346.0 | ||
| 008 | 181216s||||||||xx |||||||||||||| ||und|| | ||
| 020 | _a9789941134456 | ||
| 040 | _cGE_BSU | ||
| 041 | _ageo | ||
| 080 | _a821.222.1.09 ბ-97 | ||
| 100 |
_aბურჯანაძე, მზია _917014 |
||
| 245 |
_aახალი და უახლესი სპარსული ლიტერატურის ისტორია / _bსახელმძღვანელო / _cმზია ბურჯანაძე ; რედაქტორი თეა შურღაია. |
||
| 264 |
_aთბილისი : _bთბილ. უნ-ტის გამ-ბა, _c2016. |
||
| 300 |
_a460 გვ. : _b ფოტ. ; _c20 სმ. |
||
| 500 | _aპირთა საძიებელი გვ. : 454-459 | ||
| 504 | _aბიბლიოგრ. გვ. : 421-435 | ||
| 541 | _h10 ლ. | ||
| 653 | _aახალი და უახლესი სპარსული ლიტერატურის ისტორია | ||
| 653 | _aსპარსული ლიტერატურის ისტორია და კრიტიკა | ||
| 700 |
_aშურღაია, თეა _eრედაქტორი _94075 |
||
| 710 |
_aივანე ჯავახიშვილის სახელობის თბილისის სახელმწიფო უნივერსიტეტი _917015 |
||
| 942 |
_cBK _2udc |
||